Bolivar y el pensamiento político de la revolución hispanoaméricana / (Record no. 6433)
[ view plain ]
| 000 -CABECERA | |
|---|---|
| campo de control de longitud fija | 00942cam a2200265 a 4500 |
| 001 - NÚMERO DE CONTROL | |
| campo de control | 000006643 |
| 003 - IDENTIFICADOR DEL NÚMERO DE CONTROL | |
| campo de control | DO-SdBNP |
| 005 - FECHA Y HORA DE LA ÚLTIMA TRANSACCIÓN | |
| campo de control | 20221128115834.0 |
| 008 - DATOS DE LONGITUD FIJA--INFORMACIÓN GENERAL | |
| campo de control de longitud fija | 861104s1983 ve b f001 0 spa |
| 040 ## - FUENTE DE LA CATALOGACIÓN | |
| Centro catalogador/agencia de origen | DO-SdBNP |
| Lengua de catalogación | spa |
| Centro/agencia transcriptor | BNPHU |
| 082 ## - NÚMERO DE LA CLASIFICACIÓN DECIMAL DEWEY | |
| Número de clasificación | 923.587 |
| Número de documento/Ítem | B425b, 1983 |
| 100 1# - ENTRADA PRINCIPAL--NOMBRE DE PERSONA | |
| Nombre de persona | Belaunde, Victor Andres, |
| Fechas asociadas al nombre | 1883- |
| 9 (RLIN) | 18452 |
| 245 10 - MENCIÓN DE TÍTULO | |
| Título | Bolivar y el pensamiento político de la revolución hispanoaméricana / |
| Mención de responsabilidad, etc. | Victor Andres Belaunde. |
| 250 ## - MENCIÓN DE EDICIÓN | |
| Mención de edición | 2a ed. |
| 260 ## - PUBLICACIÓN, DISTRIBUCIÓN, ETC. | |
| Lugar de publicación, distribución, etc. | Caracas : |
| Nombre del editor, distribuidor, etc. | Presidencia de la República, |
| Fecha de publicación, distribución, etc. | 1983. |
| 300 ## - DESCRIPCIÓN FÍSICA | |
| Extensión | ix, 366 p. ; |
| Dimensiones | 23 cm. |
| 490 1# - MENCIÓN DE SERIE | |
| Mención de serie | "Bicentenario bolivariano" |
| 490 1# - MENCIÓN DE SERIE | |
| Mención de serie | "Grandes biografías" ; |
| Designación de volumen o secuencia | no. 147 |
| 500 ## - NOTA GENERAL | |
| Nota general | Includes índice. |
| 504 ## - NOTA DE BIBLIOGRAFÍA, ETC. | |
| Nota de bibliografía, etc. | Bibliografía: p. 337-352. |
| 600 14 - PUNTO DE ACCESO ADICIONAL DE MATERIA--NOMBRE DE PERSONA | |
| Nombre de persona | BOLIVAR, SIMÓN |
| Fechas asociadas al nombre | 1783-1830. |
| Subdivisión general | BIOGRAFÍA |
| 9 (RLIN) | 18453 |
| 650 #4 - PUNTO DE ACCESO ADICIONAL DE MATERIA--TÉRMINO DE MATERIA | |
| Término de materia o nombre geográfico como elemento de entrada | Revoluciones |
| Subdivisión geográfica | América Latina |
| 9 (RLIN) | 18454 |
| 651 #4 - PUNTO DE ACCESO ADICIONAL DE MATERIA--NOMBRE GEOGRÁFICO | |
| Nombre geográfico | América Latina |
| Subdivisión general | Historia |
| Subdivisión cronológica | GUERRAS DE INDEPENDENCIA, 1806-1830 |
| 9 (RLIN) | 18455 |
| 942 ## - ELEMENTOS DE PUNTO DE ACCESO ADICIONAL (KOHA) | |
| Fuente del sistema de clasificación o colocación | Dewey Decimal Classification |
| Tipo de ítem Koha | Libro |
| Estado de retiro | Estado de pérdida | Restricciones de uso | No para préstamo | Código de colección | Localización permanente | Ubicación/localización actual | Ubicación en estantería | Fecha de adquisición | Número de inventario | Total de préstamos | Signatura topográfica completa | Código de barras | Fecha visto por última vez | Precio válido a partir de | Tipo de ítem Koha |
|---|---|---|---|---|---|---|---|---|---|---|---|---|---|---|---|
| Excluido de préstamo | Monografías: Libros y Folletos | General | General | Depósito | 01.09.2009 | LF1 | 923.587 B425b, 1983 | 6643-10 | 25.06.2020 | 25.06.2020 | No se presta | ||||
| Monografías: Libros y Folletos | Patrimonio Dominicano | Patrimonio Dominicano | Orden iniciada | 19.05.2017 | LF1 | 923.587 B425b, 1983 | 6643-20 | 25.06.2020 | 25.06.2020 | No se presta |
